| 000 | 02364nam a2200589 i 4500 | ||
|---|---|---|---|
| 001 | 991053175066305066 | ||
| 003 | NyNyJPI | ||
| 005 | 20260417145733.0 | ||
| 008 | 260401s2026 pl bho |001 0dpol c | ||
| 009 | b1000007739808 | ||
| 020 |
_a9788383321431 _q(oprawa twarda ; _qWydaw. UO) |
||
| 020 |
_a9788364938542 _q(oprawa twarda ; _qWBP) |
||
| 035 | _a(PL)b1000007739808 | ||
| 035 | _a(EXLNZ-48OMNIS_NETWORK)9915362371805606 | ||
| 040 |
_aWA N _cWA N _dWA N _dWA M _dKR U |
||
| 045 | 2 |
_bd1989 _bd1919 |
|
| 046 | _k2026 | ||
| 080 |
_81.1\x _a94(47+57)"19" |
||
| 080 |
_81.2\x _a355.1(73) |
||
| 080 |
_81.2\x _a355.1(438) |
||
| 084 | _a01 | ||
| 245 | 0 | 0 |
_aNiechciana wojna : _bwyprawa "Polar Bears" do Archangielska (1918-1919) : jej wymiar polityczno-historyczny / _cDanuta Piątkowska, Wiesława Piątkowska-Stepaniak. |
| 246 | 3 | 0 |
_aWyprawa "Polar Bears" do Archangielska (1918-1919) : _bjej wymiar polityczno-historyczny |
| 250 | _aWydanie I. | ||
| 260 |
_aOpole : _bWydawnictwo Uniwersytetu Opolskiego : _bWojewódzka Biblioteka Publiczna im. Emanuela Smołki w Opolu, _c2026. |
||
| 300 |
_a386 strony : _bfaksymilia, fotografie, mapy ; _c25 cm. |
||
| 336 |
_aTekst _btxt _2rdacontent |
||
| 337 |
_aBez urządzenia pośredniczącego _bn _2rdamedia |
||
| 338 |
_aWolumin _bnc _2rdacarrier |
||
| 380 | _aKsiążki | ||
| 380 | _aPublikacje naukowe | ||
| 388 | 1 | _a2001- | |
| 504 | _aBibliografia, netografia na stronach 355-366. Indeks. | ||
| 536 | _aWspółfinansowanie: Okręg 2 w Nowym Jorku (Stowarzyszenie Weteranów Armii Polskiej w Ameryce), Samorząd Województwa Opolskiego | ||
| 610 | 2 | 7 |
_aAmerican Expeditionary Forces _2DBN |
| 648 | 7 |
_a1901-2000 _2DBN |
|
| 648 | 7 |
_a1918-1939 _2DBN |
|
| 650 | 7 |
_aInterwencja syberyjska (1918-1920) _2DBN |
|
| 650 | 7 |
_aPolacy _2DBN |
|
| 650 | 7 |
_aWojna domowa w Rosji (1917-1923) _2DBN |
|
| 651 | 7 |
_aArchangielsk (Rosja) _2DBN |
|
| 651 | 7 |
_aMichigan (Stany Zjednoczone ; stan) _2DBN |
|
| 651 | 7 |
_aRosja _2DBN |
|
| 651 | 7 |
_aStany Zjednoczone (USA) _2DBN |
|
| 655 | 7 |
_aOpracowanie _2DBN |
|
| 658 | _aHistoria | ||
| 700 | 1 |
_aPiątkowska-Koźlik, Danuta _eAutor |
|
| 700 | 1 |
_aPiątkowska-Stepaniak, Wiesława _eAutor |
|
| 710 | 2 |
_aWydawnictwo Uniwersytetu Opolskiego _eWydawca _4pbl |
|
| 710 | 2 |
_aWojewódzka Biblioteka Publiczna im. Emanuela Smołki (Opole) _eWydawca _4pbl |
|
| 942 |
_2z _cBK _n0 |
||
| 999 |
_c91122 _d91122 |
||